000 00489 a2200169 4500
999 _c5180
_d5180
010 _aENG-86766
020 _c88.00
_a8177096346
035 _aEN-70299
037 _bDBAD / PUB
082 1 4 _a515
100 _aGupta, Asit Das
245 1 _aIntermediate calculus /
_cby Asit Das Gupta
260 _aNew Delhi
_bBharati Bhawan
_c2006
270 _a 4271/3, Ansari Road, Daryaganj
_bNew Delhi
_e110 002
300 _axv, 466p
_c22cm (pbk)
942 _adpl
_cEN
_2ddc
_h515
_mGUP